000 01696nam a22002537a 4500
003 Uzh_bibl
008 260408b |||||||| |||| 00| 0 ukr d
020 _a978-966-569-259-1
_c144,30
040 _bукр.
041 _2ukr
_aukr
_arus
080 _a81
090 _a81
_bР 75
100 _a-
245 _aУкраїнсько-російський словник
_b500000 слів та словосполучень
_cПід загал. ред. Вячеслава Бусела
_hТекст
260 _aКиїв
_b"Перун"
_c2008
300 _a1848 с.
_bіл.
_fВ опр.
520 _aУ словнику вказано основні значення російських та українських слів за сучасним діючим правописом. Відповідники до різних значень розмежовано, що дозволяє вибрати потрібний відповідник; наведено фразеологічні звороти, ілюстративні вислови і словосполучення. Українсько-російський та російсько-український словники містять близько 250 000 одиниць перекладу кожний. разом понад 500 000 слів та словосполучень в одному томі.
521 _aДля широкого кола читачів
546 _aукр.
_bрос.
650 _aДовідкове видання
653 _a500 000 слів та словосполучень в одному томі.
655 _aдовідкова література
_vСловник
942 _2udc
_cBK
999 _c17293
_d17293